000 00596nam a2200181 i 4500
001 bg
100 1 _aBAJKOWSKI, Józef
245 0 _aZagadnienia rezonansów wewnętrznych w nieliniowych układach drgających /
_cJ. Bajkowski, W. Szemplińska-Stupnicka.
260 _aWarszawa,
_c1982.
490 1 _aPrace Instytutu Podstawowych Problemów Techniki PAN ;
_v19
700 1 _aSZEMPLIŃSKA-STUPNICKA, Wanda
830 _aPrace Instytutu Podstawowych Problemów Techniki PAN ;
040 _cBPK
041 _apol
080 _a534
942 _cKS
008 s pl f |000 0 pol
999 _c20825
_d20825
856 _uhttp://koha.tu.koszalin.pl/cgi-bin/koha/opac-detail.pl?biblionumber=20825
_yKatalog online BPK